000 01318cam a2200301 i 4500
001 15680
003 DO-SdUEMH
005 20260123145831.0
007 ta
008 211105s dr a|||gr|||| 000 0 spa|d
020 _a9789945015010
040 _aDO-SdUEMH
_bspa
_erda
041 _aspa
082 1 4 _mRD
_aRD 325 F673F
_bF634f
084 _b13-00160
100 _aFlores, Rosario
_eaut
110 _aFondo de Población de las Naciones Unidas
245 1 0 _aFamilia, Migración y género :
_bestudios complementarios ENI-2012 /
_cRosario Flores
260 _c2013
264 0 1 _aSanto Domingo :
_bOficina del Fondo de Población de las Naciones Unidas (UNFPA) en República Dominicana,
_c2013
300 _a85 páginas :
_bilustraciones ;
_c22 cm.
336 _2rdacontent
_atexto
_btxt
337 _2rdamedia
_asin mediación
_bn
338 _2rdacarrier
_avolumen
_bnc
505 1 _aIntroducción -- Marco conceptual -- Datos y métodos -- Perfil de los inmigrantes -- Composición y características actuales de los hogares -- ¿Migración individual o asociativa? -- Familias divididas por la migración -- Cómo se mantienen las relaciones familiares y los vínculos con el origen -- ¿Volver o permanecer? -- Resumen y conclusiones -- Recomendaciones -- Bibliografía.
942 _2ddc
_cBK
_n0
999 _c15680
_d15680